| 000 | 00570nam a2200193 u 4500 | ||
|---|---|---|---|
| 005 | 20220603063654.0 | ||
| 008 | 080520s2005 r 000 0 eng d | ||
| 020 | _a8426134890 | ||
| 035 | _aUPN01000156056 | ||
| 049 | _aI | ||
| 050 | 4 |
_aPZ7 _bR3.9 |
|
| 100 | 1 | _aRelf, Adam | |
| 245 | 1 | 3 |
_aEl zorro hace amigos / _cAdam Relf ; tr. Elodie Bourgeois BertÃn. |
| 260 |
_aBarcelona, Esp. : _bJuventud, _cc2005. |
||
| 300 |
_a24 p. : _bprincipalmente il. col. |
||
| 534 |
_pTitulo original: _tFox makes friends |
||
| 650 | 4 |
_aCuentos infantiles _96744 |
|
| 905 | _aInfantil | ||
| 999 |
_c128170 _d128170 |
||